000 00722nam a2200181Ia 4500
008 090124s9999 xx 000 0 und d
082 _b4164
100 _aपांढरीपांडे विजय मनोहर
245 _a अंधारातल्य़ा सावल्य़ा
250 _a1
260 _bमेनका प्रकाशन
_c1973
300 _a164
600 _aपांढरीपांडे विजय मनोहर
630 _a अंधारातल्य़ा सावल्य़ा
700 _aपांढरीपांडे विजय मनोहर
730 _a अंधारातल्य़ा सावल्य़ा
942 _cBOOK
999 _c84078
_d84078